[Event "Petroupoli op 3rd"]
[Site "Petroupoli"]
[Date "2011.05.11"]
[Round "2"]
[White "Pavlis, Antonios"]
[Black "Forakis, Konstantis"]
[Result "1-0"]
[WhiteElo "1746"]
[BlackElo "1544"]
[PlyCount "71"]
[EventDate "2011.05.07"]
[EventType "swiss"]
[EventRounds "7"]
[EventCountry "GRE"]
[SourceTitle "EXT 2012"]
[Source "ChessBase"]
[SourceDate "2011.11.24"]
[SourceVersion "1"]
[SourceVersionDate "2011.11.24"]
[SourceQuality "1"]

1. e4 c5 2. Nf3 e6 3. d4 cxd4 4. Nxd4 Nf6 5. Nc3 Bb4 6. Bd3 a6 7. 0-0 Qc7 8. Nce2 0-0 9. Ng3 Nc6 10. c3 Be7 11. Bg5 h6 12. Be3 Ne5 13. Bc2 d5 14. h3 Nc4 15. Qd3 Nxb2 16. Qe2 Nc4 17. exd5 Nxe3 18. Qxe3 Nxd5 19. Qd3 Nf6 20. f4 Rd8 21. Rad1 b5 22. Nh5 Bb7 23. Nxf6+ Bxf6 24. Qh7+ Kf8 25. Qh8+ Ke7 26. Nf5+ exf5 27. Rfe1+ Be5 28. Rxe5+ Kf6 29. Rxf5+ Ke6 30. Re1+ Kd6 31. Qxg7 Qb6+ 32. Kh2 Kc7 33. Rxf7+ Kb8 34. Ree7 Bc8 35. Rf8 Rxf8 36. Qe5+ 1-0